US States with ST - Statistics

General Stats
  • This quiz has been taken 77 times
    66 since last reset
  • The average score is 6 of 8
Answer Stats
State % Correct
South Dakota
87%
Massachusetts
80%
Minnesota
80%
Washington
80%
Tennessee
78%
Texas
78%
South Carolina
76%
West Virginia
69%
No matching quizzes found
Score Distribution
Percent of People with Each Score
Percentile by Number Answered
Your Score History
You have not taken this quiz since the last reset